[Event "6eme Open d'Echecs de Saint-Chely d'Aub"]
[Site "Saint-Chely d'Aubrac (12)"]
[Date "2006.07.16"]
[Round "2.2"]
[White "Karpatchev, Aleksandr"]
[Black "Duffau, Pascal"]
[Result "1-0"]
[WhiteElo "2533"]
[BlackElo "2040"]
[PlyCount "71"]

1. e4 e6 2. d4 d5 3. Nd2 Nf6 4. e5 Nfd7 5. c3 c5 6. Bd3 Nc6 7. Ndf3 cxd4 8.
cxd4 Qb6 9. Ne2 f6 10. exf6 Nxf6 11. O-O Bd6 12. Bf4 Bxf4 13. Nxf4 O-O 14. Qd2
Bd7 15. Rfe1 Rae8 16. Rad1 Re7 17. Bb1 Nd8 18. Ne5 Be8 19. Re3 Nf7 20. Rde1 Nd6
21. f3 Nb5 22. Rd1 Nd6 23. Rb3 Qd8 24. Re1 Nf5 25. Nxe6 Rxe6 26. Bxf5 Re7 27.
Rbe3 Rc7 28. Qb4 Qe7 29. Qb3 Qd6 30. Qd3 g6 31. Bh3 Qb6 32. Qd2 Nh5 33. g3 Qf6
34. Ng4 Qc6 35. Qb4 Bf7 36. Rc3 1-0

[Event "6eme Open d'Echecs de Saint-Chely d'Aub"]
[Site "Saint-Chely d'Aubrac (12)"]
[Date "2006.07.16"]
[Round "2.3"]
[White "Nass, Emile"]
[Black "Meijers, Viesturs"]
[Result "1-0"]
[WhiteElo "2015"]
[BlackElo "2474"]
[PlyCount "65"]

1. d4 Nf6 2. Nf3 e6 3. c4 b6 4. g3 Bb7 5. Bg2 d5 6. O-O dxc4 7. Qa4+ Nbd7 8.
Qxc4 a6 9. Nc3 b5 10. Qd3 c5 11. dxc5 Bxc5 12. a3 O-O 13. b4 Be7 14. Rd1 Rc8
15. Bb2 Nb6 16. Ne5 Bxg2 17. Kxg2 Qc7 18. f4 Rfd8 19. Qf3 Bd6 20. Rac1 Bxe5 21.
fxe5 Nc4 22. exf6 Nxb2 23. Nd5 Qe5 24. Ne7+ Kf8 25. Rxd8+ Rxd8 26. Nc6 Qg5 27.
Nxd8 Qxc1 28. fxg7+ Kxg7 29. Qxf7+ Kh6 30. Qf6+ Kh5 31. h3 Qg5 32. g4+ Kh4 33.
Qf2# 1-0

[Event "6eme Open d'Echecs de Saint-Chely d'Aub"]
[Site "Saint-Chely d'Aubrac (12)"]
[Date "2006.07.16"]
[Round "2.6"]
[White "Mullon, Jean-Baptiste"]
[Black "Ritzenthaler, Stephane"]
[Result "1-0"]
[WhiteElo "2375"]
[BlackElo "2007"]
[PlyCount "55"]

1. e4 c5 2. Nf3 Nc6 3. d4 cxd4 4. Nxd4 Nf6 5. Nc3 e5 6. Ndb5 d6 7. Nd5 Nxd5 8.
exd5 Nb8 9. c4 a6 10. Nc3 Be7 11. Be2 O-O 12. O-O f5 13. Kh1 Nd7 14. f4 e4 15.
Be3 Bf6 16. Rc1 Qa5 17. Qd2 Kh8 18. a3 Rb8 19. Rc2 Re8 20. b4 Qc7 21. c5 Be7
22. Rd1 Rf8 23. Na4 Rd8 24. Qc1 Nf6 25. cxd6 Qxd6 26. Bc5 Qd7 27. Nb6 Qe8 28.
Bxe7 1-0

[Event "6eme Open d'Echecs de Saint-Chely d'Aub"]
[Site "Saint-Chely d'Aubrac (12)"]
[Date "2006.07.16"]
[Round "2.7"]
[White "Joli, Laurent"]
[Black "Saucey, Michel"]
[Result "0-1"]
[WhiteElo "1944"]
[BlackElo "2342"]
[PlyCount "72"]

1. e4 g6 2. f4 d5 3. exd5 Qxd5 4. Qf3 Qd8 5. Bc4 Nf6 6. Nc3 Bg7 7. Nd5 O-O 8.
Ne2 c5 9. c3 Nxd5 10. Bxd5 Qc7 11. O-O e6 12. Be4 Nd7 13. Qf2 Nf6 14. Bf3 Nd5
15. g3 Rd8 16. b3 Nb4 17. Be4 Nd3 18. Qe3 Nxc1 19. Raxc1 Rb8 20. Kh1 b6 21.
Rfd1 c4 22. d4 cxd3 23. Rxd3 Ba6 24. c4 Rxd3 25. Bxd3 Bb7+ 26. Be4 Qc5 27. Qf3
Bxe4 28. Qxe4 Rd8 29. Kg2 h5 30. h3 Kh7 31. Rc2 Rd1 32. Qf3 Qd6 33. Nc3 Bxc3
34. Qxc3 Qc6+ 35. Kf2 Qh1 36. Ke3 Qg1+ 0-1

[Event "6eme Open d'Echecs de Saint-Chely d'Aub"]
[Site "Saint-Chely d'Aubrac (12)"]
[Date "2006.07.16"]
[Round "2.8"]
[White "Riff, Vincent"]
[Black "Tassetti, Matthieu"]
[Result "1/2-1/2"]
[WhiteElo "2328"]
[BlackElo "1979"]
[PlyCount "51"]

1. e4 g6 2. d4 Bg7 3. Nc3 c6 4. Bc4 b5 5. Bb3 b4 6. Nce2 d5 7. exd5 cxd5 8. Bd2
a5 9. a3 bxa3 10. Rxa3 Nc6 11. Nf3 Nf6 12. Ba4 Bd7 13. Qa1 Qb6 14. Bxc6 Qxc6
15. Bc3 a4 16. Ne5 Qb5 17. Nc1 Bf5 18. Ncd3 Bxd3 19. Nxd3 Ne4 20. O-O O-O 21.
f3 Nxc3 22. bxc3 Rfb8 23. f4 Ra7 24. Nc5 Rba8 25. Qb1 Qc4 26. f5 1/2-1/2

[Event "6eme Open d'Echecs de Saint-Chely d'Aub"]
[Site "Saint-Chely d'Aubrac (12)"]
[Date "2006.07.16"]
[Round "2.9"]
[White "Boulet, Stephane"]
[Black "Boudre, Jean-Pierre"]
[Result "0-1"]
[WhiteElo "1886"]
[BlackElo "2315"]
[PlyCount "58"]

1. e4 c5 2. Nf3 e6 3. b3 Nc6 4. Bb5 Nge7 5. O-O a6 6. Be2 Ng6 7. Re1 Be7 8. Bb2
O-O 9. Bf1 d6 10. c3 b5 11. Na3 Bb7 12. Nc2 d5 13. e5 c4 14. d4 cxd3 15. Qxd3
Qc7 16. c4 dxc4 17. bxc4 Rfd8 18. Qe2 b4 19. a3 a5 20. Rac1 Bc5 21. axb4 axb4
22. Na1 Na5 23. Ng5 h6 24. Ne4 Rac8 25. Qc2 Bxe4 26. Rxe4 Qb6 27. Rg4 b3 28.
Qe4 Bxf2+ 29. Kh1 Qe3 0-1

[Event "6eme Open d'Echecs de Saint-Chely d'Aub"]
[Site "Saint-Chely d'Aubrac (12)"]
[Date "????.??.??"]
[Round "2.10"]
[White "Hassler, Franck"]
[Black "Rabier, Jean"]
[Result "1-0"]
[WhiteElo "2222"]
[BlackElo "1972"]
[PlyCount "95"]

1. d4 d5 2. Nf3 Nf6 3. c4 e6 4. Nc3 c6 5. Bg5 Be7 6. e3 Nbd7 7. Qc2 h6 8. Bh4
O-O 9. Rd1 Re8 10. h3 Qc7 11. c5 Qd8 12. b4 Nh7 13. Bg3 f5 14. Bd3 Ng5 15. Nxg5
Bxg5 16. O-O g6 17. b5 Qa5 18. f4 Be7 19. Be1 Qc7 20. Qa4 Nf6 21. bxc6 bxc6 22.
Rb1 Bd7 23. Bh4 Kf7 24. Rb4 Reb8 25. Rfb1 Rxb4 26. Qxb4 Bc8 27. Be1 Bd8 28. Qa4
Bd7 29. Qb3 Bc8 30. g3 Nd7 31. Qa4 Nb8 32. Ne2 g5 33. Kg2 Kf6 34. Ng1 g4 35.
hxg4 fxg4 36. e4 h5 37. Ne2 Nd7 38. e5+ Kg7 39. f5 exf5 40. Nf4 Nf8 41. Nxh5+
Kg8 42. Bd2 Bd7 43. Qc2 Bc8 44. Bxf5 Qf7 45. Bxc8 Qf3+ 46. Kg1 Rxc8 47. Rf1 Qe2
48. Qf5 1-0

[Event "6eme Open d'Echecs de Saint-Chely d'Aub"]
[Site "Saint-Chely d'Aubrac (12)"]
[Date "????.??.??"]
[Round "2.11"]
[White "Lengert, Martin"]
[Black "Furrer, Marc"]
[Result "1/2-1/2"]
[WhiteElo "1871"]
[BlackElo "2184"]
[PlyCount "176"]

1. d4 d5 2. c4 Nc6 3. Nf3 Bg4 4. e3 e5 5. cxd5 Qxd5 6. Nc3 Bb4 7. Be2 exd4 8.
exd4 O-O-O 9. Be3 Nf6 10. O-O Qd7 11. a3 Bd6 12. Rc1 Kb8 13. Qa4 Ne7 14. Bb5 c6
15. d5 Bxf3 16. Qxa7+ Kc8 17. gxf3 Nfxd5 18. Nxd5 Nxd5 19. Rxc6+ Qxc6 20. Bxc6
bxc6 21. Rc1 Ne7 22. Qa6+ Kd7 23. Re1 Rc8 24. Qd3 Kc7 25. Bb6+ Kxb6 26. Qxd6
Nd5 27. b4 Rhd8 28. Qc5+ Kb7 29. a4 Rc7 30. a5 Nf6 31. Ra1 Ra8 32. b5 cxb5 33.
Qxb5+ Kc8 34. Qf5+ Kd8 35. Rd1+ Ke8 36. Qe5+ Re7 37. Qb5+ Kf8 38. a6 Ne8 39.
Ra1 Rea7 40. Qd3 Kg8 41. Ra4 Nc7 42. Rd4 Ne6 43. Rd6 g6 44. Qc4 Kf8 45. Qb4 Kg7
46. Qc3+ Kf8 47. Qf6 Ke8 48. Rb6 Nf8 49. Qc6+ Nd7 50. Rb7 Rxb7 51. axb7 Rb8 52.
Qc8+ Ke7 53. Qc7 g5 54. Kg2 Ke6 55. Kg3 f6 56. Qc6+ Ke7 57. Qe4+ Kd6 58. Qxh7
Rxb7 59. Qf5 Rb4 60. Qd3+ Ke6 61. Qe3+ Ne5 62. Qc3 Rf4 63. Qc8+ Kd5 64. Qd8+
Kc4 65. Qg8+ Kd4 66. Qd8+ Kc3 67. Qd5 Rxf3+ 68. Kg2 Rf4 69. h3 Nd3 70. Qc6+ Kd2
71. Qd5 Rxf2+ 72. Kg3 Rf4 73. Qg2+ Nf2 74. Qd5+ Ke3 75. Qc5+ Rd4 76. Qa3+ Rd3
77. Qe7+ Ne4+ 78. Kg4 Rd5 79. Qa3+ Kd4 80. Qb2+ Nc3 81. Qf2+ Ke5 82. Qf5+ Kd4
83. Qxf6+ Re5 84. Qf2+ Kc4 85. Qf5 Rxf5 86. Kxf5 Kd5 87. Kxg5 Ke6 88. h4 Kf7
1/2-1/2

[Event "6eme Open d'Echecs de Saint-Chely d'Aub"]
[Site "Saint-Chely d'Aubrac (12)"]
[Date "2006.07.16"]
[Round "2.12"]
[White "Staub, Ludovic"]
[Black "Gouillart, Sylvain"]
[Result "1-0"]
[WhiteElo "2153"]
[BlackElo "1888"]
[PlyCount "75"]

1. e4 Nf6 2. e5 Nd5 3. c4 Nb6 4. d4 d6 5. exd6 exd6 6. Nc3 Nc6 7. Be3 Be7 8.
Nf3 Bg4 9. b3 Bf6 10. Be2 O-O 11. Rc1 Re8 12. O-O Qe7 13. h3 Bf5 14. Re1 h6 15.
Qd2 Bg6 16. d5 Ne5 17. Nd4 Qd8 18. a4 Nc8 19. a5 a6 20. b4 Ne7 21. f4 Nd7 22.
Bg4 h5 23. Bf3 Nf5 24. Nxf5 Bxf5 25. Bxh5 Bxc3 26. Qxc3 Qh4 27. Bf3 Qg3 28. Bd4
28... Bxh3 {(=)} 29. Bxg7 Qxf4 30. Bd4 Bf5 31. Re3 Rxe3 32. Bxe3 Qe5 33. Bd4
Qg3 34. Re1 Nf8 35. Re3 Ng6 36. Bh5 Qh4 37. Bxg6 Bxg6 38. Rh3 1-0

[Event "6eme Open d'Echecs de Saint-Chely d'Aub"]
[Site "Saint-Chely d'Aubrac (12)"]
[Date "2006.07.16"]
[Round "2.13"]
[White "De Biasi, Robert"]
[Black "Lagunes, Jean-Renaud"]
[Result "0-1"]
[WhiteElo "1818"]
[BlackElo "2151"]
[PlyCount "96"]

1. c4 Nc6 2. Nc3 e5 3. Nf3 f5 4. d3 Bb4 5. Bd2 Nf6 6. a3 Bxc3 7. Bxc3 d6 8. g3
O-O 9. Bg2 Qe8 10. O-O Qh5 11. e3 f4 12. exf4 exf4 13. Bxf6 Rxf6 14. Nh4 Qh6
15. Qd2 fxg3 16. Qxh6 gxh2+ 17. Kxh2 Rxh6 18. Kg3 Nd4 19. Rae1 Be6 20. Re4 c5
21. Rfe1 Rf8 22. f4 Nf5+ 23. Nxf5 Rg6+ 24. Kf2 Bxf5 25. Re8 Rgf6 26. R1e3 Bg6
27. Bd5+ Bf7 28. Rxf8+ Kxf8 29. Bxb7 Rxf4+ 30. Kg3 g5 31. Rf3 Rxf3+ 32. Kxf3 h5
33. Kg3 Be6 34. Be4 a5 35. Bf3 h4+ 36. Kh2 Ke7 37. Kg2 Kf6 38. Be4 g4 39. Kf2
Ke5 40. Ke3 Bf7 41. Bb7 Be6 42. Be4 h3 43. Bc6 g3 44. Kf3 g2 45. Kf2 Bf5 46.
Bf3 Bxd3 47. Bg4 Bf5 48. Bf3 Kd4 0-1

[Event "6eme Open d'Echecs de Saint-Chely d'Aub"]
[Site "Saint-Chely d'Aubrac (12)"]
[Date "2006.07.16"]
[Round "2.14"]
[White "Humeau, Cyril"]
[Black "Carno, Matthias"]
[Result "1/2-1/2"]
[WhiteElo "2095"]
[BlackElo "1880"]
[PlyCount "69"]

1. b3 Nf6 2. Bb2 g6 3. c4 Bg7 4. Nc3 O-O 5. d4 d5 6. cxd5 Nxd5 7. Nf3 c5 8. e3
Nc6 9. Nxd5 Qxd5 10. Bc4 Qh5 11. Ne5 Qxd1+ 12. Rxd1 Nxe5 13. dxe5 Bf5 14. Bd5
Rab8 15. e4 Bc8 16. f3 b6 17. Kf2 Ba6 18. Ba1 e6 19. Bc4 Bxc4 20. bxc4 Rfd8 21.
Ke2 Kf8 22. h3 22... Ke7 {(=)} 23. Rd6 Rb7 24. Bc3 Bh6 25. Rxd8 Kxd8 26. a4 Rd7
27. a5 Kc7 28. axb6+ axb6 29. h4 Kc6 30. h5 Bf8 31. hxg6 fxg6 32. Ra1 Kb7 33.
f4 Rf7 34. Bd2 h5 35. g3 1/2-1/2

[Event "6eme Open d'Echecs de Saint-Chely d'Aub"]
[Site "Saint-Chely d'Aubrac (12)"]
[Date "2006.07.16"]
[Round "2.15"]
[White "Larand, Manuel"]
[Black "Lagunes, Matthieu"]
[Result "1-0"]
[WhiteElo "2078"]
[BlackElo "1860"]
[PlyCount "81"]

1. c4 d6 2. g3 g6 3. Bg2 Bg7 4. Nc3 e5 5. d3 Ne7 6. e4 O-O 7. Nge2 c6 8. O-O f5
9. Be3 h6 10. Qd2 Kh7 11. Rad1 Nd7 12. b3 g5 13. f4 exf4 14. gxf4 g4 15. Ng3
Qa5 16. d4 Nf6 17. e5 Ne8 18. Qc2 Be6 19. d5 cxd5 20. Nxd5 Bxd5 21. Bxd5 Qc7
22. Be6 Kg6 23. exd6 Nxd6 24. c5 Ndc8 25. b4 h5 26. b5 h4 27. Ne2 Qa5 28. a4
Qb4 29. Rd7 Qa3 30. Qb3 Qxb3 31. Bxb3 b6 32. c6 a6 33. Bf2 Bf6 34. Nd4 axb5 35.
axb5 Ra3 36. Rb1 g3 37. hxg3 hxg3 38. Bxg3 Ra7 39. Bf2 Rxd7 40. cxd7 Nd6 41.
Ne6 1-0

[Event "6eme Open d'Echecs de Saint-Chely d'Aub"]
[Site "Saint-Chely d'Aubrac (12)"]
[Date "2006.07.16"]
[Round "2.16"]
[White "Labarthe, Arnaud"]
[Black "Perrin, Yannick"]
[Result "1-0"]
[WhiteElo "2044"]
[BlackElo "1620"]
[PlyCount "61"]

1. d4 d5 2. Nc3 Nf6 3. Bg5 e6 4. e4 Be7 5. e5 Nfd7 6. Bxe7 Qxe7 7. Nf3 c5 8.
Nb5 Kd8 9. c3 Nc6 10. Nd6 cxd4 11. cxd4 f6 12. Rc1 fxe5 13. Rxc6 bxc6 14. dxe5
Rf8 15. Qd2 Nxe5 16. Nxe5 Qxd6 17. Qc3 Bb7 18. Be2 a5 19. O-O Qc7 20. f4 Qb6+
21. Kh1 Rc8 22. Qg3 Qc7 23. Qh4+ Ke8 24. Qxh7 Qe7 25. Ng6 Qf6 26. Bh5 Kd7 27.
Nxf8+ Rxf8 28. Qc2 e5 29. Bg4+ Kc7 30. Qc5 exf4 31. Re1 1-0

[Event "6eme Open d'Echecs de Saint-Chely d'Aub"]
[Site "Saint-Chely d'Aubrac (12)"]
[Date "2006.07.16"]
[Round "2.17"]
[White "Boulier, Rene"]
[Black "Laine, Patrice"]
[Result "0-1"]
[WhiteElo "1993"]
[BlackElo "2060"]
[PlyCount "60"]

1. e4 c5 2. b4 b6 3. bxc5 bxc5 4. Bc4 e6 5. Nc3 Nc6 6. Nf3 g6 7. Rb1 Bg7 8. O-O
Nge7 9. Nb5 d6 10. c3 O-O 11. Na3 d5 12. exd5 exd5 13. Bd3 Be6 14. Ng5 Bf5 15.
Bxf5 Nxf5 16. Nf3 Qd7 17. Nc2 Rab8 18. Rxb8 Rxb8 19. Ba3 Bf8 20. Re1 Qc7 21.
Ne3 Nxe3 22. fxe3 Qa5 23. Qc1 Re8 24. Rf1 Qa6 25. d4 Bh6 26. Re1 Qd3 27. Qb2
Bxe3+ 28. Kh1 Rb8 29. Qa1 cxd4 30. cxd4 Qxa3 0-1

[Event "6eme Open d'Echecs de Saint-Chely d'Aub"]
[Site "Saint-Chely d'Aubrac (12)"]
[Date "????.??.??"]
[Round "2.18"]
[White "Casasnovas, Vincent"]
[Black "Carabetta, Gaetan"]
[Result "1/2-1/2"]
[WhiteElo "1570"]
[BlackElo "1520"]
[PlyCount "136"]

1. d4 g6 2. e4 Bg7 3. Nc3 Nc6 4. Nge2 Nf6 5. g3 O-O 6. Bg2 d6 7. h3 Re8 8. Be3
Nd7 9. a3 Nb6 10. b3 a5 11. Qd2 a4 12. d5 Ne5 13. Bd4 axb3 14. cxb3 Nbd7 15. f4
Bh6 16. Qc2 c5 17. Bxe5 dxe5 18. O-O exf4 19. Nxf4 Bg7 20. Ra2 Nb6 21. Nd3 e6
22. dxe6 Bd4+ 23. Kh2 Bxe6 24. Nf4 c4 25. Nxe6 Rxe6 26. b4 Bxc3 27. Qxc3 Qd3
28. Qc1 c3 29. Rd1 Qc4 30. Qc2 Na4 31. Rd7 b5 32. Rd1 Nb6 33. e5 Rc8 34. Qf2
Qc7 35. Rc2 Qxe5 36. Rd3 Rce8 37. h4 Rf6 38. Rf3 Rxf3 39. Bxf3 Na4 40. Be2 Rd8
41. Bf1 Rd4 42. Bxb5 Rxh4+ 43. Kg1 Qxb5 44. gxh4 Qc4 45. Qe2 Qd4+ 46. Kf1 Qf4+
47. Qf2 Qc4+ 48. Ke1 Qe4+ 49. Kd1 Qh1+ 50. Ke2 Qe4+ 51. Kf1 Qh1+ 52. Qg1 Qxh4
53. b5 Qc4+ 54. Ke1 Qxb5 55. Qe3 Qb1+ 56. Qc1 Qxc1+ 57. Rxc1 h5 58. Kf2 Kg7 59.
Kg3 g5 60. Rd1 Kg6 61. Rd6+ f6 62. Rc6 Kf5 63. Rc4 Nb6 64. Rxc3 h4+ 65. Kh3 Kf4
66. Rb3 Nd7 67. a4 Nc5 68. Rb4+ 68... Kf3 {suite illisible} 1/2-1/2

[Event "6eme Open d'Echecs de Saint-Chely d'Aub"]
[Site "Saint-Chely d'Aubrac (12)"]
[Date "2006.07.16"]
[Round "2.19"]
[White "Tournier, Jean-Pascal"]
[Black "Magnier, Patrice"]
[Result "0-1"]
[WhiteElo "1560"]
[BlackElo "2080"]
[PlyCount "84"]

1. e4 c5 2. Nc3 d6 3. g3 Nc6 4. Bg2 g6 5. d3 Bg7 6. f4 e6 7. Nf3 Nge7 8. Be3
Nd4 9. Rb1 O-O 10. Ne2 Qa5+ 11. c3 Nxf3+ 12. Bxf3 Qxa2 13. O-O Qa5 14. d4 Rd8
15. dxc5 dxc5 16. Qb3 Qc7 17. Rfd1 Rxd1+ 18. Rxd1 b6 19. e5 Bb7 20. Bxb7 Qxb7
21. Rd3 Qe4 22. Qd1 c4 23. Rd8+ Rxd8 24. Qxd8+ Bf8 25. Kf2 Nf5 26. Bc1 Qh1 27.
h4 Qb7 28. g4 Qe7 29. Qxe7 Nxe7 30. Nd4 Nd5 31. Ke2 h5 32. g5 Bc5 33. Nf3 Kf8
34. Nh2 Ke7 35. Nf1 b5 36. Kf3 Kd7 37. Be3 Bxe3 38. Nxe3 Nxe3 39. Kxe3 Kc6 40.
Kd4 a5 41. Ke4 Kc5 42. Ke3 Kd5 0-1

[Event "6eme Open d'Echecs de Saint-Chely d'Aub"]
[Site "Saint-Chely d'Aubrac (12)"]
[Date "2006.07.16"]
[Round "2.20"]
[White "Sidibe, Malika"]
[Black "Ruetsch, Johan"]
[Result "1-0"]
[WhiteElo "1815"]
[BlackElo "1550"]
[PlyCount "49"]

1. Nf3 d5 2. e3 Bg4 3. c4 Nf6 4. cxd5 Nxd5 5. Qa4+ Bd7 6. Qb3 Be6 7. Ng5 Nc6 8.
Nxe6 fxe6 9. Qxb7 Qd6 10. Qxa8+ Kf7 11. Bb5 Qc5 12. Qxc6 Qb4 13. Bc4 Qa5 14.
Nc3 Qb6 15. Bxd5 exd5 16. Qxd5+ Ke8 17. Qb5+ Kf7 18. Qf5+ Ke8 19. Qc8+ Kf7 20.
Nd5 Qd6 21. Nxc7 g6 22. Qe8+ Kf6 23. Nb5 Qb6 24. Nd4 Bg7 25. Qc6+ 1-0

[Event "6eme Open d'Echecs de Saint-Chely d'Aub"]
[Site "Saint-Chely d'Aubrac (12)"]
[Date "????.??.??"]
[Round "2.21"]
[White "Etienne, Adrien"]
[Black "Lefebvre, Stephane"]
[Result "0-1"]
[WhiteElo "1550"]
[BlackElo "1810"]
[PlyCount "157"]

1. e4 e5 2. Nf3 Nc6 3. Nc3 Bc5 4. Bc4 Nf6 5. O-O d6 6. d3 Bg4 7. Bg5 h6 8. Bxf6
Qxf6 9. Nd5 Qd8 10. c3 O-O 11. b4 Bb6 12. Re1 Ne7 13. Nxb6 axb6 14. d4 Ng6 15.
h3 Bd7 16. Nd2 Qf6 17. Nb3 Nf4 18. Qf3 Nxh3+ 19. Kf1 Qxf3 20. gxf3 Nf4 21. Kg1
Bh3 22. Bf1 Bxf1 23. Kxf1 g5 24. Kg1 Kg7 25. Kh2 h5 26. Rg1 f6 27. a4 Kg8 28.
a5 b5 29. Rad1 c6 30. dxe5 dxe5 31. Nc5 Rf7 32. Rd6 Ne2 33. Rgd1 Nxc3 34. R1d3
Na2 35. Rd7 Nxb4 36. R3d6 Rxa5 37. Rxf7 Kxf7 38. Rd7+ Kg6 39. Rxb7 Ra3 40. Kg3
Nc2 41. Ne6 Ra8 42. Rg7+ Kh6 43. Rf7 Rg8 44. Rc7 Nd4 45. Nc5 Rg7 46. Rc8 f5 47.
exf5 Nxf5+ 48. Kh3 g4+ 49. fxg4 hxg4+ 50. Kg2 Nd4 51. Nd3 Re7 52. Nb4 Re6 53.
Kg3 Kg5 54. Na6 e4 55. Rg8+ Kh5 56. Rh8+ Kg5 57. Rg8+ Kf5 58. Rf8+ Rf6 59. Rd8
Ne2+ 60. Kg2 Kf4 61. Rc8 g3 62. fxg3+ Nxg3 63. Kf2 e3+ 64. Ke1 e2 65. Nb4 Kf3
66. Rxc6 Rxc6 67. Nxc6 Ke3 68. Nb4 Kd4 69. Nc2+ Kc3 70. Ne3 b4 71. Nd5+ Kb3 72.
Ne3 Ka2 73. Nc4 b3 74. Nd2 b2 75. Kf2 b1=Q 76. Nxb1 Kxb1 77. Ke1 Kc1 78. Kf2
Kd1 79. Kf3 0-1

[Event "6eme Open d'Echecs de Saint-Chely d'Aub"]
[Site "Saint-Chely d'Aubrac (12)"]
[Date "2006.07.16"]
[Round "2.22"]
[White "Gipouloux, Laurent"]
[Black "Trzesniower, Jacques"]
[Result "0-1"]
[WhiteElo "1806"]
[BlackElo "1550"]
[PlyCount "82"]

1. e4 c5 2. Nf3 e6 3. d4 cxd4 4. Nxd4 a6 5. Nc3 Qc7 6. Be2 Nf6 7. Bg5 Be7 8.
Qd2 Nc6 9. f4 d6 10. Bf3 O-O 11. Nce2 Rb8 12. O-O-O Rd8 13. Qc3 Bd7 14. g4 Rbc8
15. Bxf6 Bxf6 16. Rd2 b5 17. g5 b4 18. Qe3 Bxd4 19. Nxd4 e5 20. Nxc6 exf4 21.
Ne7+ Kf8 22. Ng6+ hxg6 23. Qxf4 Be6 24. Kb1 a5 25. Bg4 Bxg4 26. Qxg4 Re8 27. h4
Qe7 28. Re2 Rc4 29. b3 Rxe4 30. Rxe4 Qxe4 31. Qd1 d5 32. h5 Re5 33. hxg6 Qxg6
34. Rh8+ Ke7 35. Qd4 Qd6 36. Qa7+ Qd7 37. Qxa5 Qd6 38. Qa7+ Qd7 39. Qc5+ Qd6
40. Qb5 Re1+ 41. Kb2 Qe5+ 0-1

[Event "6eme Open d'Echecs de Saint-Chely d'Aub"]
[Site "Saint-Chely d'Aubrac (12)"]
[Date "2006.07.16"]
[Round "2.23"]
[White "Schneider, Alec"]
[Black "Lagunes, Robin"]
[Result "0-1"]
[WhiteElo "1550"]
[BlackElo "1803"]
[PlyCount "42"]

1. Nf3 d5 2. g3 Nc6 3. Bg2 Bg4 4. d4 Qd7 5. O-O Bh3 6. Bf4 Bxg2 7. Kxg2 Nf6 8.
Nc3 h5 9. Nb5 Rc8 10. Qd3 a6 11. Nc3 Nb4 12. Qd2 Nc6 13. Ne5 Qf5 14. Nxc6 bxc6
15. Rae1 h4 16. Qd3 Ne4 17. Nxe4 dxe4 18. Qxa6 g5 19. Be3 hxg3 20. fxg3 Qh3+
21. Kg1 Qxh2# 0-1

[Event "6eme Open d'Echecs de Saint-Chely d'Aub"]
[Site "Saint-Chely d'Aubrac (12)"]
[Date "2006.07.16"]
[Round "2.24"]
[White "Weck, Myriam"]
[Black "Viennot, Dylan"]
[Result "1-0"]
[WhiteElo "1803"]
[BlackElo "1510"]
[PlyCount "67"]

1. b3 d5 2. Bb2 c5 3. e3 Nc6 4. Nf3 Bg4 5. Be2 e6 6. O-O Nf6 7. Ne5 Bxe2 8.
Qxe2 Bd6 9. f4 O-O 10. d3 Bxe5 11. fxe5 Nd7 12. d4 Qb6 13. Qf2 Rac8 14. Nd2 Nb4
15. a3 Nxc2 16. Rac1 cxd4 17. Bxd4 Nxd4 18. Rxc8 Nf5 19. Rxf8+ Kxf8 20. g4 Nh6
21. Qf4 Qc7 22. Nf3 Ke7 23. Qg5+ Kf8 24. Nd4 Kg8 25. Kg2 Nxe5 26. h3 f6 27. Qf4
Qd7 28. g5 Nd3 29. Qb8+ Kf7 30. gxh6 gxh6 31. Qh8 Kg6 32. Qxf6+ Kh5 33. Kh1 e5
34. Rf5+ 1-0

[Event "6eme Open d'Echecs de Saint-Chely d'Aub"]
[Site "Saint-Chely d'Aubrac (12)"]
[Date "2006.07.16"]
[Round "2.25"]
[White "Viennot, Kevin"]
[Black "Lengert, Vincent"]
[Result "0-1"]
[WhiteElo "1540"]
[BlackElo "1786"]
[PlyCount "128"]

1. Nf3 Nf6 2. d4 e6 3. Bg5 Be7 4. e3 c6 5. c4 d5 6. Nc3 Nbd7 7. Bd3 h6 8. Bxf6
Nxf6 9. c5 b6 10. b4 O-O 11. Ne5 Bb7 12. Qc2 a5 13. bxa5 bxc5 14. a6 Bxa6 15.
Nxc6 Bxd3 16. Qxd3 Qc7 17. Nxe7+ Qxe7 18. O-O c4 19. Qc2 Ra3 20. Rfd1 Rfa8 21.
Nb5 {(=)} 21... R3a5 22. a4 Nd7 23. Ra2 Nb6 24. Rda1 Qb7 25. Nc3 Qd7 26. h3 Qe7
27. Qb2 Rb8 28. Qa3 Qa7 29. Rb1 Ra8 30. Rba1 f6 31. Nb5 Qd7 32. Qb4 Kh7 33. Kh2
e5 34. Nc3 Qc7 35. Qb1+ Kg8 36. g3 Rb8 37. Qf5 Nc8 38. Qe6+ Qf7 39. Qxf7+ Kxf7
40. dxe5 fxe5 41. Nb5 Ke7 42. f4 Nd6 43. Nxd6 Kxd6 44. Rc2 Rb4 45. Rca2 Rb3 46.
Rf2 Rxe3 47. fxe5+ Rxe5 48. Rf7 Re7 49. Rf5 Rea7 50. Rd1 Rc5 51. Ra1 c3 52.
Rff1 Rca5 53. Rac1 d4 54. g4 Rxa4 55. Rfd1 Kc5 56. Kg2 Kc4 57. Kf2 Re7 58. h4
d3 59. Kg3 Kd4 60. h5 d2 61. Rc2 Kd3 62. Rxc3+ Kxc3 63. Rxd2 Kxd2 64. Kh4 Ra3
0-1

[Event "6eme Open d'Echecs de Saint-Chely d'Aub"]
[Site "Saint-Chely d'Aubrac (12)"]
[Date "????.??.??"]
[Round "2.26"]
[White "Lassis, Patrick"]
[Black "Causse, Michel"]
[Result "1/2-1/2"]
[WhiteElo "1760"]
[BlackElo "1499"]
[PlyCount "59"]

1. Nf3 Nc6 2. d4 d5 3. e3 Nf6 4. Nbd2 e6 5. Be2 Be7 6. b3 a6 7. Bb2 b5 8. O-O
O-O 9. Ne5 Nxe5 10. dxe5 Ne4 11. Bf3 Bb7 12. Qe2 Qd7 13. Rad1 Nxd2 14. Qxd2 c6
15. e4 Rad8 16. exd5 cxd5 17. Qf4 h6 18. Qg3 Rc8 19. Be4 f6 20. Bc1 g5 21. Qh3
Qe8 22. Qxe6+ Kg7 23. Bd3 Bd8 24. Qxe8 Rxe8 25. exf6+ Bxf6 26. Bf5 Rcd8 27. Ba3
Bc3 28. Bc5 Re5 29. Bd3 Rde8 30. Bd6 {suite illisible} 1/2-1/2

[Event "6eme Open d'Echecs de Saint-Chely d'Aub"]
[Site "Saint-Chely d'Aubrac (12)"]
[Date "????.??.??"]
[Round "2.27"]
[White "Gazel, Bruno"]
[Black "Maurand, Sylvain"]
[Result "1/2-1/2"]
[WhiteElo "1520"]
[BlackElo "1760"]
[PlyCount "69"]

1. Nf3 Nf6 2. g3 e6 3. Bg2 c5 4. O-O Be7 5. d3 O-O 6. e4 d6 7. Nc3 Nc6 8. Re1
Rb8 9. a4 b6 10. Bf4 Bb7 11. e5 Nxe5 12. Nxe5 Bxg2 13. Kxg2 dxe5 14. Bxe5 Rb7
15. Qf3 Rd7 16. Rad1 Qa8 17. Qxa8 Rxa8 18. Ne4 Rad8 19. Bxf6 gxf6 20. b3 f5 21.
Nd2 a6 22. Nc4 b5 23. axb5 axb5 24. Ne5 Rd6 25. f4 Bf6 26. Kh3 Bxe5 27. Rxe5
Rd5 28. Rxd5 Rxd5 29. c4 bxc4 30. bxc4 Rd4 31. Kg2 f6 32. Kf3 e5 33. Ke2 exf4
34. gxf4 Rxf4 35. Rf1 1/2-1/2

[Event "6eme Open d'Echecs de Saint-Chely d'Aub"]
[Site "Saint-Chely d'Aubrac (12)"]
[Date "????.??.??"]
[Round "2.28"]
[White "Marie, Olivier"]
[Black "Manser, Luca"]
[Result "1/2-1/2"]
[WhiteElo "1750"]
[BlackElo "1460"]
[PlyCount "50"]

1. d4 d5 2. Nc3 Nf6 3. e4 Nc6 4. e5 Ne4 5. Nce2 f6 6. f3 Ng5 7. f4 Nf7 8. Be3
Bf5 9. Ng3 e6 10. Nxf5 exf5 11. Nf3 Qd7 12. Bb5 a6 13. Ba4 O-O-O 14. c3 h6 15.
Bc2 Na5 16. b3 g5 17. Qd3 fxe5 18. dxe5 gxf4 19. Bxf4 Kb8 20. Qxf5 Qxf5 21.
Bxf5 Bg7 22. Bg6 Rhf8 23. O-O Nh8 24. Bh5 Rxf4 25. Rae1 25... Nc6 {
suite illisible} 1/2-1/2

[Event "6eme Open d'Echecs de Saint-Chely d'Aub"]
[Site "Saint-Chely d'Aubrac (12)"]
[Date "2006.07.16"]
[Round "2.29"]
[White "Schneider, Martin"]
[Black "Della Ragione, Enzo"]
[Result "0-1"]
[WhiteElo "1500"]
[BlackElo "1720"]
[PlyCount "96"]

1. e4 c5 2. d3 Nc6 3. Nf3 d6 4. Be2 Nf6 5. O-O g6 6. Bg5 Bg7 7. d4 cxd4 8. Nxd4
Nxe4 9. Nxc6 bxc6 10. Bf3 Nxg5 11. Bxc6+ Bd7 12. Bxa8 Qxa8 13. Nc3 Bf6 14. Qd5
Qxd5 15. Nxd5 Be6 16. Nc7+ Kd7 17. Nb5 Bc4 18. Rfe1 Bxb5 19. h4 Ne6 20. a4 Bc4
21. c3 Rb8 22. Re4 Bd3 23. Rb4 Rxb4 24. cxb4 Bxb2 25. Ra2 Bd4 26. Ra3 Be4 27.
a5 Nf4 28. g3 Nh3+ 29. Kh2 Nxf2 30. b5 Ng4+ 31. Kh3 Bf5 32. Ra4 Bg1 33. Rb4
Ne3+ 34. g4 Bxg4+ 35. Kg3 e5 36. b6 axb6 37. a6 Kc6 38. Ra4 f5 39. h5 g5 40.
Rxg4 Nxg4 41. Kg2 Bd4 42. Kf3 e4+ 43. Ke2 f4 44. a7 Kb7 45. Kd2 f3 46. Ke1 e3
47. Kf1 e2+ 48. Ke1 Bc3# 0-1